| 000 | 00802nam a2200265Ia 4500 | ||
|---|---|---|---|
| 003 | OSt | ||
| 005 | 20220923215956.0 | ||
| 006 | a|||||r|||| 00| 0 | ||
| 007 | ta | ||
| 008 | Pun | ||
| 024 | _a183,265 | ||
| 037 | _cTextual | ||
| 040 |
_aARTS _cARTS _bPun |
||
| 041 |
_2Pun _aPun |
||
| 082 | _aO153,1N19x, 152L3;M2 | ||
| 100 |
_aअमृता प्रीतम _9156318 |
||
| 245 | 0 | _aकागज और केनवस | |
| 246 | _aKāgaj aur kenavasa | ||
| 250 | _aसंस्क 2 | ||
| 260 |
_aनयी दिल्ली _b राजकमल प्रकाशन _c1982 |
||
| 300 |
_a155 पृ0 _ccm. |
||
| 650 | _aपंजाबी निबंध | ||
| 942 |
_hO153,1N19x, 152L3;M2 _cTEXL _2CC |
||
| 999 |
_c336601 _d336601 |
||